Nad sociální reformou v ČR a jejím dalším postupem

Proces spoločenskej transformácie v sociálnej oblasti. Sociálne zabezpečenie za socializmu. Všeobecné sociálne reformy. Princíp subsidiarity. Stabilizácia výdavkov na sociálne účely. Koncipovanie sociálnej politiky v ČR.

Gespeichert in:
Bibliographische Detailangaben
1. Verfasser: Žižková, Jana
Format: Buchkapitel
Sprache:Tschechisch
Schlagworte:
Tags: Tag hinzufügen
Keine Tags, Fügen Sie das erste Tag hinzu!

MARC

LEADER 00000naa a2200000 4500
001 r022341
005 20230913070210.3
041 0 |a cze 
044 |a CZ 
245 1 0 |a Nad sociální reformou v ČR a jejím dalším postupem  |c Jana Žižková 
520 |a Proces spoločenskej transformácie v sociálnej oblasti. Sociálne zabezpečenie za socializmu. Všeobecné sociálne reformy. Princíp subsidiarity. Stabilizácia výdavkov na sociálne účely. Koncipovanie sociálnej politiky v ČR. 
610 2 0 |a politika sociálna 
610 2 0 |a Česko 
610 2 0 |a zabezpečenie sociálne 
610 2 0 |a reformy sociálne 
610 2 0 |a Európska únia 
100 1 |a Žižková, Jana